Postaci historyczne po fragmencie z wikipedii - Statystyki

Ogólne statystyki
  • Ten quiz został rozwiązany 451 razy
  • Średni wynik to 8 z 15
Statystyki odpowiedzi
Opis Okres życia Postać % Poprawnych
Francuski dowódca wojskowy i przywódca polityczny. Faktyczny zwierzchnik Księstwa Warszawskiego. Uważany za najwybitniejszego dowódcę wojskowego w historii. XIX wiek Napoleon Bonaparte
95%
Król Macedonii z dynastii Argeadów w latach 336–323 p.n.e. Jest powszechnie uznawany za wybitnego stratega i jednego z największych zdobywców w historii ludzkości. Starożytność Aleksander Macedoński
90%
Niemiecki reformator religijny, teolog i inicjator reformacji, mnich augustiański, doktor teologii. Pomimo że nie brał czynnego udziału w wystąpieniach religijnych i społeczno-politycznych, a jedynie pisał polemiki i katechezy, skupił wokół swojej idei całą opozycję Kościoła katolickiego. Wraz z grupą współpracowników przełożył Biblię na język niemiecki, był autorem Postylli domowej, Małego i Dużego katechizmu, Artykułów szmalkaldzkich oraz wielu pieśni kościelnych, w tym ewangelickiego hymnu: Warownym grodem jest nasz Bóg. Nowożytność Marcin Luter
75%
Nosiła tytuły Królowa, Nowa Bogini, Bogini Miłująca Ojca, Bogini Miłująca Ojczyznę. Była córką Ptolemeusza XII Auletesa. Po wstąpieniu na tron poślubiła swego brata Ptolemeusza XIII. Na skutek intryg dworskich opuściła Egipt i udała się do Palestyny, gdzie zdobyła poparcie Cezara, z którym miała syna, Ptolemeusza XV Cezariona. Starożytność Kleopatra
70%
Stworzył pierwsze europejskie imperium od czasu upadku cesarstwa zachodniorzymskiego(476). Koronował się na cesarza 25 grudnia 800r. Średniowiecze Karol Wielki
62%
Chan Mongołów i założyciel imperium mongolskiego. Średniowiecze Czyngis-chan
61%
Król elekcyjny, o którym krąży powiedzenie "Rex ...... zrobił Polsce psikus". Zginął w czasie posiedzenia na sedesie. Nowożytność Henryk Walezy
56%
Przewodniczący Prezydium Rady Najwyższej ZSRR, pierwszy i jedyny prezydent ZSRR. W 1990 otrzymał Pokojową Nagrodę Nobla. XX wiek Michaił Gorbaczow
54%
Król elekcyjny. W 1579 rozpoczął wojnę o odebranie zagarniętych przez Rosję w poprzednim roku Inflant i utraconej jeszcze w 1563 ziemi połockiej. Przeprowadził trzy zwycięskie kampanie zaczepne na terytorium państwa rosyjskiego, do których zmobilizował przeciwko 200-tysięcznej armii rosyjskiej ok. 48 tys. żołnierzy wraz z silną artylerią oblężniczą. Nowożytność Stefan Batory
52%
Generał tzw. "błękitnej armii". 10 lutego 1920 generał ... wraz z ministrem spraw wewnętrznych Stanisławem Wojciechowskim oraz nową administracją Województwa Pomorskiego przybył do Pucka, gdzie dokonał symbolicznych zaślubin Polski z Bałtykiem. XX wiek Józef Haller
51%
Był odpowiedzialny za eksterminację Żydów w Europie. Działając jako jeden z głównych współpracowników Adolfa Hitlera stał się jednym z największych zbrodniarzy w histori. Jako zwierzchnik SS dysponował zasobami taniej siły roboczej (więźniów obozów koncentracyjnych i gett), wspierając nazistowskie plany podboju i podporządkowania szeregu państw europejskich. Zmarł w wyniku zażycia trucizny (cyjanek potasu). XX wiek Heinrich Himmler
43%
W 480 roku p.n.e. wyruszył na podbój Grecji na czele ogromnej armii, składającej się z przedstawicieli 46 narodów. pokonał Spartan pod Termopilami, a następnie spalił Ateny. Wkrótce potem jego flota została rozbita pod Salaminą przez ateńskie okręty pod wodzą Temistoklesa. Starożytność Kserkses
42%
Papież w okresie od 12 marca 1088 do 29 lipca 1099, błogosławiony Kościoła katolickiego.27 listopada 1095 na synodzie w Clermont ogłosił hasło wojny świętej, czym zapoczątkował wyprawy krzyżowe. Średniowiecze Urban II
36%
Inicjator powstania listopadowego, działacz niepodległościowy, przywódca sprzysiężenia podchorążych, które doprowadziło do wybuchu powstania listopadowego (29 listopada 1830)Jego postać występuje w III częsci Dziadów, w którym wypowiada następujące słowa: "Powiedz raczej: na wierzchu. Nasz naród jak lawa, Z wierzchu zimna i twarda, sucha i plugawa, Lecz wewnętrznego ognia sto lat nie wyziębi; Plwajmy na tę skorupę i zstąpmy do głębi." XIX wiek Piotr Wysocki
25%
Polski działacz niepodległościowy, major 4 pułku piechoty liniowej (czwartaków), twórca Wolnomularstwa Narodowego i Towarzystwa Patriotycznego. XIX wiek Walerian Łukasiński
9%
Nie znaleziono quizów pasujących do podanych kryteriów
Rozkład punktacji
Procent ludzi z każdym wynikiem
Percentyl według liczby udzielonych odpowiedzi
Twoja historia wyników
Nie rozwiązałeś tego quizu